书目信息 |
| 题名: |
日语中级阅读入门
|
|
| 作者: | 富冈纯子 , 岛恭子 著 | |
| 分册: | ||
| 出版信息: | 上海 上海外语出版社 2001 |
|
| 页数: | 249页 | |
| 开本: | 32开 | |
| 丛书名: | ||
| 单 册: | ||
| 中图分类: | H369.4 | |
| 科图分类: | ||
| 主题词: | 日语--语言读物 | |
| 电子资源: | ||
| ISBN: | 7-81080-072-8 | |
| 000 | 00613nam0 2200205 45 | |
| 001 | 0109231567 | |
| 005 | 20031219104057.6 | |
| 010 | @a7-81080-072-8@dCNY22.80 | |
| 100 | @a20010923d2001 km y0chiy0120 ea | |
| 101 | 0 | @achi |
| 105 | @a z 000yy | |
| 200 | 1 | @a日语中级阅读入门@ARi Yu Zhong Ji Yue Du Ru Men@f(日)富冈纯子,岛恭子等著@F(Ri)Fu Gang Chun Zi,Dao Gong Zi Deng Zhu |
| 210 | @a上海@c上海外语出版社@d2001 | |
| 215 | @a249页@d32开 | |
| 606 | 0 | @a日语@x语言读物 |
| 690 | @aH369.4@v4 | |
| 701 | @a富冈纯子@4著 | |
| 701 | 0 | @a岛恭子@4著 |
| 801 | @aCN@bTSTC@c20010923 | |
| 905 | @b314742-746@dH369.4@f5@e217 | |
| 日语中级阅读入门/(日)富冈纯子,岛恭子等著.-上海:上海外语出版社,2001 |
| 249页;32开 |
| ISBN 7-81080-072-8:CNY22.80 |
| ● |
| 相关链接 |
|
|
|
|
正题名:日语中级阅读入门
索取号:H369.4/217
 
预约/预借
| 序号 | 登录号 | 条形码 | 馆藏地/架位号 | 状态 | 备注 |
| 1 | 0314742 | 203147424 | 第四借阅区/ [索取号:H369.4/217] | 在馆 | |
| 2 | 0314743 | 203147433 | 第四借阅区/ [索取号:H369.4/217] | 在馆 | |
| 3 | 0314744 | 203147442 | 第四借阅区/ [索取号:H369.4/217] | 在馆 | |
| 4 | 0314745 | 203147451 | 第四借阅区/ [索取号:H369.4/217] | 在馆 | |
| 5 | 0314746 | 203147460 | 第二样本阅览室/ [索取号:H369.4/217] | 在馆 |